000 00625nam a2200241Ia 4500
003 OSt
005 20220918184226.0
006 a|||||r|||| 00| 0
007 ta
008 220917b |||||||| |||| 00| 0 eng d
024 _a45,385
037 _cTextual
040 _aARTS
_cARTS
_beng
041 _2eng
_aeng
082 _aO31u2:N5, 111K1
100 _aJesudasan C
_964997
245 0 _aHistory of Tamil literature
260 _c1961
650 _aENGLISH LITERATURE
700 _a Jesudasan H
_964998
942 _hO31u2:N5, 111K1
_cTEXL
_2CC
999 _c175658
_d175658